000 00464nam a2200169Ia 4500
001 8696
003 GE_BSU
008 181216s||||||||xx |||||||||||||| ||und||
040 _cGE_BSU
245 _aПсихология обучения, №12 декабрь 2013.
245 _cГл.ред.Б.П.Бархаев и др.
260 _aМосква
260 _c2013
300 _a172стр.24см.
653 _aПсихология обучения
942 _cCR
999 _c42010
_d42010